Movie Titles from a Parallel Dimension #1 - Statistics

General Stats
  • This quiz has been taken 22,344 times
  • The average score is 13 of 20
Answer Stats
Parallel Dimension Movie Regular Movie % Correct
Michael J Forks in... Brought To The Fifties Back to the Future
95%
Steven Spellbind's... Jaws Prehistoric Jurassic Park
88%
Billy Murray in... Ghoulhunters Ghostbusters
86%
Macauley Catkin in... House Assault Home Alone
78%
Giorgio Luca's... Space Wizards Star Wars
77%
Judy Andrews in... To Sing On Mountains The Sound of Music
77%
Brody Pitt in... Fisticuffs Clique Fight Club
73%
Anthony Hopscotch in... The Savoring Of The Liver The Silence of the Lambs
68%
Brute Willis in... Defeating Hans Die Hard
66%
Jim Carrie in... Tricked Television Star The Truman Show
65%
Harrison Force in... Relic Of The Larcenous Archeologist Raiders of the Lost Ark
64%
Quentin Tarantula's... Potboiler Fables Pulp Fiction
62%
Morgoth Freeman in... Time Served Reluctantly The Shawshank Redemption
61%
Clint Eastward is... Dastardly Harold Dirty Harry
55%
Mid Night Shyamalan's... Tot Sees Spirits The Sixth Sense
55%
Arnold Schwarzkopf in... Technobot 2: Johnny's Dad Terminator 2: Judgment Day
51%
Robert Duh Niro in... Travis Dangerous Taxi Driver
49%
Nickerless Cage in... Criminal Airplane Con Air
42%
Ridley Scoff's... Blasting Robots Blade Runner
33%
Daryl Aronofsky's... Reeling From Assorted Drugs Requiem for a Dream
23%
No matching quizzes found
Score Distribution
Percent of People with Each Score
Percentile by Number Answered
Your Score History
You have not taken this quiz